US History Populism Study Guide - Statistics

General Stats
  • This quiz has been taken 6 times
  • The average score is 3 of 8
Answer Stats
Hint Answer % Correct
Between 1885 and 1905, farmers paid _____ for the crops than they got from selling them. more
83%
The gold standard would make money more ________ . valuable
83%
What percent of Americans were farmers in 1880? 46
67%
Populists believed the role of the government should be to _____________. fix social injustices
17%
In the election of 1896, there was a division between the farming states and the _________ states. Industrialized
17%
Bimetallism would make it easier for farmers to _______. pay back loans
17%
What were Farmer’s Alliances? Social networks for farmers
17%
Who gave the famous “Cross of Gold” speech which motivates the labor class? William Jennings Bryan
17%
No matching quizzes found
Score Distribution
Percent of People with Each Score
Percentile by Number Answered
Your Score History
You have not taken this quiz